000 00652nam a2200205 u 4500
005 20240314063644.0
008 120829s2007 ea r 000 0 spa d
020 _a1404267565
035 _aUPN01000186398
049 _aI
050 4 _aPZ10.3
_bK4.4
100 1 _aKernan, Elizabeth
_933318
245 1 0 _aDolly sale de paseo /
_cElizabeth Kernan ; tr. María Cristina Brusca.
260 _aNew York :
_bRosen Classroom Books & Materials,
_c2007.
300 _a12 p. :
_bil.
440 0 _aLecturas del barrio.
_pFantasía
650 4 _aCuentos infantiles estadounidenses
_910762
650 0 _aAnimales
_vCuentos y leyendas
_9234
905 _aInfantil
999 _c158501
_d158501